Bayern Munich 2010's Starting XI - Statistics

General Stats
  • This quiz has been taken 18,817 times
    18,214 since last reset
  • The average score is 25 of 37
Answer Stats
Player % Correct
Manuel Neuer
100%
Robert Lewandowski
98%
David Alaba
96%
Arjen Robben
95%
Franck Ribéry
93%
Thomas Müller
93%
Arturo Vidal
88%
Philipp Lahm
87%
Jérôme Boateng
86%
Joshua Kimmich
85%
Mats Hummels
83%
James Rodríguez
82%
Mario Mandžukić
82%
Thiago Alcántara
80%
Kingsley Coman
79%
Dante
73%
Bastian Schweinsteiger
72%
Xabi Alonso
72%
Javi Martínez
71%
Serge Gnabry
70%
Leon Goretzka
66%
Mario Gómez
66%
Niklas Süle
65%
Toni Kroos
61%
Sven Ulreich
60%
Corentin Tolisso
55%
Rafinha
54%
Mario Götze
50%
Douglas Costa
44%
Daniel Van Buyten
42%
Ivica Olić
40%
Juan Bernat
37%
Mark van Bommel
34%
Holger Badstuber
32%
Hans-Jörg Butt
30%
Anatoliy Tymoshchuk
19%
Danijel Pranjić
14%
No matching quizzes found
Score Distribution
Percent of People with Each Score
Percentile by Number Answered
Your Score History
You have not taken this quiz since the last reset